• 首页
  • 本馆介绍
  • 公告通知
  • 最新文献
  • 馆藏检索
  • 电子资源
  • 读者导购
  • 参考咨询
  • 我的图书馆
  • 登录
  • 详细信息显示
  • 放入我的书架
  • 预约/预借图书
  • 作者相关作品
  • 分类相关作品
  • 丛书相关作品
  • 出版社相关作品

书目信息

  • 表格格式
  • 工作单格式
  • 卡片格式
题名:
名鸽名系
    
 
作者: 邱伯贤 编著
分册:  
出版信息: 上海   上海科学技术出版社  2001
页数: 253页
开本: 21cm
丛书名: 赛鸽丛书
单 册:
中图分类: S836
科图分类:
主题词: 信鸽--简介--世界 , 信鸽
电子资源:
ISBN: 7-5323-6269-8
000 00790oam2 2200253 450
001 1573761849
005 20150129203000.64
010    @a7-5323-6269-8@dCNY20.00
100    @a20020305d2001 em y0chiy0110 ea
101 0  @achi
102    @aCN@b310000
105    @aa z 000yy
200 1  @a名鸽名系@9ming ge ming xi@f邱伯贤编著
210    @a上海@c上海科学技术出版社@d2001
215    @a253页@c图@d21cm
225 2  @a赛鸽丛书
330    @a本书内容包括:信鸽演变简史、第二次世界大战前名鸽名系、第二次世界大战后名鸽名系、比利时现代名鸽名系、荷兰现代名鸽名,以及德国、法国和中国名鸽名系。
461  0 @12001 @a赛鸽丛书
606 0  @a信鸽@x简介@y世界
606 0  @a信鸽
690    @aS836@v5
701  0 @a邱伯贤@9qiu bo xian@4编著
801  0 @aCN@bTSSF@c20150129
905    @aZUCC@dS836@eJY65
    
    名鸽名系/邱伯贤编著.-上海:上海科学技术出版社,2001
    253页:图;21cm.-(赛鸽丛书)
    
    
    ISBN 7-5323-6269-8:CNY20.00
    本书内容包括:信鸽演变简史、第二次世界大战前名鸽名系、第二次世界大战后名鸽名系、比利时现代名鸽名系、荷兰现代名鸽名,以及德国、法国和中国名鸽名系。
●
相关链接 在E读中查询图书 在五车中查询图书 在当当中查询图书 在豆瓣中查询图书


正题名:名鸽名系     索取号:S836/JY65         预约/预借

序号 登录号 条形码 馆藏地/架位号 状态 备注
1 7862077   278620770   学院路分馆/ [索取号:S836/JY65] 在馆    
2 7862078   278620789   学院路分馆/ [索取号:S836/JY65] 在馆    
唐山师范学院图书馆 欢迎您!
大连网信软件有限公司© 版权所有